000 01759cam a22004817a 4500
001 4350
003 FISKH
005 20240731102539.0
008 140519s2013 nyua b 000 1 eng d
010 _a 2014381465
020 _a9781451798326 (PawPrnt)
020 _a1451798326 (PawPrnt)
020 _a9780547968209 (pbk.)
020 _a0547968205 (pbk.)
020 _a9780547968193 (paperoverboard)
020 _a0547968191
040 _aBTCTA
_beng
_cBTCTA
_dOCO
_dJAO
_dBUL
_dIUK
_dIEP
_dIGP
_dYDXCP
_dOCLCF
_dDLC
050 _aPZ7
082 _a782.42
100 1 _aGreku, Borana.
245 1 0 _aCurious George :
_bdance party /
_cadaptation by Borana Greku and Alessandra Preziosi.
260 _aBoston :
_bHoughton Mifflin Harcourt,
_c2013.
300 _a24 pages :
_bcolor illustrations ;
_c23 cm
490 1 _aGreen light readers. Level 1
500 _a"Based on the TV series teleplay written by Raye Lankford."
505 _aK
520 _aCurious George loves to dance! But when his friend Bill doesn't want to go to the dance party, George teaches him that learning to dance with friends can be fun.
521 2 _a510
_bLexile AD
521 2 _aK
_bRaz-Plus
600 0 0 _aCurious George
_c(Fictitious character)
_vJuvenile fiction.
650 0 _aDance
_vJuvenile fiction.
650 0 _aPattern perception
_vJuvenile fiction.
650 7 _aCurious George (Fictitious character)
_2fast
650 7 _aDance.
_2fast
650 7 _aPattern perception.
_2fast
655 7 _aFiction.
_2fast
655 7 _aJuvenile works.
_2fast
655 7 _aRadio and television novels.
_2gsafd
700 1 _aPreziosi, Alessandra.
_eAuthor
906 _a7
_bcbc
_ccopycat
_d2
_encip
_f20
_gy-gencatlg
942 _2ddc
_cBK
_n0
999 _c4350
_d4350